Países e suas capitais - Statistics

Estatísticas Gerais
  • Esse quiz foi jogado 387 vezes
    362 desde o último reset
  • A pontuação média é 8 de 13
Estatísticas das Respostas
Questão Resposta % Correto
Qual é o pais que possui a capital Luanda?
95%
Qual é a capital de Líbano Beirute
92%
Talim é a capital de qual país?
78%
Qual é a capital de Madagascar? Antananarivo
68%
Jamena é a capital de qual país? (Não consegui diferenciar a bandeira de Romênia e Chade, por isso escrevi) Chade
68%
Qual é a capital do Sudão do Sul? Juba
68%
Qual é a capital de Palau? Ngerulmud
57%
Niaimei é capital de qual país?
51%
Hagatña é a capital de qual país?
46%
Basseterre é a capital de qual país?
43%
Lilongué é a capital de qual país?
41%
Qual é a capital de Niue? Alofi
38%
The Bottom é a capital de qual país?
24%
Nenhum quiz correspondente encontrado
Distribuição das Pontuações
Porcentagem de Pessoas com Cada Pontuação
Percentil de Números Respondidos
Sua Pontuação Histórica
Você não jogou esse quiz desde o último reset